[Event "TUR-ch U13-U18 Girls"]
[Site "Antalya"]
[Date "2020.01.20"]
[Round "2"]
[White "Sade, Defne"]
[Black "Eraslan, Ecem"]
[Result "1-0"]
[WhiteElo "1926"]
[BlackElo "1435"]
[PlyCount "80"]
[EventDate "2020.01.19"]
[EventType "swiss"]
[EventRounds "11"]
[EventCountry "TUR"]
[SourceTitle "CBM 195 Extra"]
[Source "ChessBase"]
[SourceDate "2020.05.31"]
[SourceVersion "1"]
[SourceVersionDate "2020.05.31"]
[SourceQuality "1"]

1. e4 e6 2. d4 d5 3. Nd2 Nc6 4. Ngf3 Nf6 5. e5 Nd7 6. Nb3 a5 7. a4 b6 8. Bb5 Na7 9. 0-0 Bb7 10. Ng5 Nxb5 11. axb5 Be7 12. Nh3 Nf8 13. Qg4 Ng6 14. f4 Qd7 15. Qe2 a4 16. Nd2 c6 17. bxc6 Qxc6 18. Qd1 h5 19. Nf3 Ba6 20. Rf2 Bh4 21. g3 Bd8 22. Nhg5 Ne7 23. Nh4 Nf5 24. Nxf5 exf5 25. h4 Bxg5 26. fxg5 Bc8 27. Qf3 Be6 28. Ra3 Kd7 29. Qd1 g6 30. Bd2 Qb5 31. Qa1 Qc6 32. Bb4 Rhc8 33. Bd6 Ke8 34. Qf1 Ra5 35. Rc3 Qb7 36. Rff3 b5 37. Rxc8+ Qxc8 38. Bb4 Ra8 39. Qxb5+ Qd7 40. Qc5 Qd8 1-0

[Event "TUR-chT Clubs"]
[Site "Konya"]
[Date "2019.07.19"]
[Round "6.10"]
[White "Eraslan, Ecem"]
[Black "Ozyigit, Isil"]
[Result "1-0"]
[WhiteElo "1397"]
[BlackElo "1092"]
[PlyCount "135"]
[EventDate "2019.07.16"]
[EventType "team-swiss"]
[EventRounds "9"]
[EventCountry "TUR"]
[SourceTitle "CBM 191 Extra"]
[Source "ChessBase"]
[SourceDate "2019.09.30"]
[SourceVersion "1"]
[SourceVersionDate "2019.09.30"]
[SourceQuality "1"]
[WhiteTeam "Trabzon Feda"]
[BlackTeam "Baglarbasi"]
[WhiteTeamCountry "TUR"]
[BlackTeamCountry "TUR"]

1. e4 Nf6 2. e5 Nd5 3. c4 Nb6 4. d4 d6 5. exd6 cxd6 6. Nc3 g6 7. Nf3 Bg7 8. Be3 0-0 9. Bd3 Nc6 10. Qd2 Bg4 11. Ne2 Bxf3 12. gxf3 Qd7 13. h4 Rac8 14. h5 e5 15. Bh6 exd4 16. Bxg7 Kxg7 17. hxg6 fxg6 18. Qh6+ Kg8 19. Bxg6 Qg7 20. Bxh7+ Kf7 21. Be4 Qxh6 22. Rxh6 Rh8 23. Rxh8 Rxh8 24. 0-0-0 Nxc4 25. Bd5+ Ke7 26. Bxc4 Rc8 27. Kb1 Ne5 28. Bd5 d3 29. Nf4 b6 30. Nxd3 Kf6 31. Nxe5 dxe5 32. Rd3 Rh8 33. Ra3 Rd8 34. Be4 a5 35. Rb3 Rb8 36. Rb5 Ke6 37. a3 Kf6 38. b4 axb4 39. Rxb4 Ke6 40. Kb2 Kd6 41. Rb5 Ke6 42. a4 Kd6 43. a5 Kc7 44. axb6+ Rxb6 45. Rxb6 Kxb6 46. Kc3 Kc5 47. Kd3 Kd6 48. Ke3 Ke6 49. f4 exf4+ 50. Kxf4 Kf6 51. Kg4 Kf7 52. f4 Ke6 53. f5+ Kf6 54. Bb1 Kg7 55. Kg5 Kf7 56. f6 Kf8 57. Kg6 Kg8 58. f7+ Kf8 59. Bd3 Ke7 60. Kg7 Ke6 61. f8Q Ke5 62. Qf5+ Kd4 63. Qe4+ Kc3 64. Bc4 Kd2 65. Qd3+ Kc1 66. Qe2 Kb1 67. Bb3 Ka1 68. Qa2# 1-0

[Event "TUR-chT2"]
[Site "Konya"]
[Date "2018.07.13"]
[Round "6.7"]
[White "Eraslan, Ecem"]
[Black "Irdem, Elif"]
[Result "1/2-1/2"]
[WhiteElo "1386"]
[BlackElo "1239"]
[PlyCount "28"]
[EventDate "2018.07.10"]
[EventType "team-swiss"]
[EventRounds "9"]
[EventCountry "TUR"]
[SourceTitle "EXT 2019"]
[Source "ChessBase"]
[SourceDate "2018.10.10"]
[SourceVersion "1"]
[SourceVersionDate "2018.10.10"]
[SourceQuality "1"]
[WhiteTeam "Trabzon Feda"]
[BlackTeam "Sakarya Buyuksehir"]
[WhiteTeamCountry "TUR"]
[BlackTeamCountry "TUR"]

1. e4 e5 2. Nf3 Nc6 3. Bb5 Nge7 4. c3 a6 5. Ba4 b5 6. Bc2 Bb7 7. 0-0 Ng6 8. Re1 Be7 9. d4 exd4 10. cxd4 Nb4 11. Bb3 a5 12. a4 c6 13. Nc3 Qb6 14. Be3 0-0 1/2-1/2